[Event "Balatonlelle op-B"]
[Site "Balatonlelle"]
[Date "2006.06.21"]
[Round "5.15"]
[White "Revesz, Kinga"]
[Black "Berenyi, Gabor"]
[Result "1-0"]
[WhiteElo "1894"]
[BlackElo "2154"]
[PlyCount "77"]
[EventDate "2006.06.17"]
[EventType "swiss"]
[EventRounds "9"]
[EventCountry "HUN"]
[SourceTitle "EXT 2007"]
[Source "ChessBase"]
[SourceDate "2006.11.23"]
[SourceVersion "1"]
[SourceVersionDate "2006.11.23"]
[SourceQuality "1"]

1. e4 c5 2. c3 d5 3. exd5 Qxd5 4. d4 Nf6 5. Nf3 e6 6. Be3 cxd4 7. cxd4 Nc6 8. Nc3 Qd6 9. a3 Be7 10. Bd3 0-0 11. 0-0 a6 12. Qe2 h6 13. Rad1 Nd5 14. Ne4 Qc7 15. Bb1 b6 16. Rc1 f5 17. Ne5 Bd7 18. Nc3 Bd6 19. Nxd5 exd5 20. f4 Qb7 21. Ba2 Ne7 22. Qh5 Be6 23. Rf3 Rac8 24. Rcf1 b5 25. Rg3 Rf6 26. Bd2 b4 27. axb4 Bxb4 28. Rb3 a5 29. Qf3 Qa7 30. Qd3 Rb8 31. Rc1 Bd7 32. Bxb4 axb4 33. Nxd7 Qxd7 34. Qd2 Qa4 35. Re3 b3 36. Bxb3 Rxb3 37. Rxe7 Qb5 38. Qe1 Kh7 39. Qe5 1-0

[Event "Balatonlelle op-B"]
[Site "Balatonlelle "]
[Date "2005.06.23"]
[Round "6"]
[White "Novaky, Csaba"]
[Black "Berenyi, Gabor"]
[Result "0-1"]
[WhiteElo "1838"]
[BlackElo "2168"]
[PlyCount "144"]
[EventDate "2005.06.18"]
[EventType "swiss"]
[EventRounds "9"]
[EventCountry "HUN"]
[SourceTitle "EXT 2008"]
[Source "ChessBase"]
[SourceDate "2007.11.25"]
[SourceVersion "1"]
[SourceVersionDate "2007.11.25"]
[SourceQuality "1"]

1. e4 c5 2. Nf3 a6 3. c3 d6 4. d4 Nd7 5. Be3 Ngf6 6. Nbd2 g6 7. Be2 Bg7 8. 0-0 0-0 9. h3 b6 10. Nh2 Bb7 11. d5 Re8 12. Ng4 Qc7 13. Qc2 Nxg4 14. Bxg4 Nf6 15. Be2 e6 16. c4 exd5 17. cxd5 Qe7 18. Bf3 Rac8 19. Bf4 b5 20. Rfe1 Nd7 21. a4 Qf6 22. Bg3 Qxb2 23. Qxb2 Bxb2 24. Rab1 Be5 25. Bg4 Rc7 26. Bxd7 Rxd7 27. Bxe5 Rxe5 28. axb5 axb5 29. Rxb5 Bxd5 30. Rb8+ Kg7 31. f4 Ree7 32. Kf2 Be6 33. g4 f6 34. Rd1 d5 35. Nb3 dxe4 36. Rxd7 Bxd7 37. Rb7 Kf7 38. Nxc5 Bc6 39. Rxe7+ Kxe7 40. Ke3 f5 41. g5 Kd6 42. Nb3 Bd5 43. Nd4 Kc5 44. Nc2 Kc4 45. Nd4 Bf7 46. Nc6 Be6 47. Nd4 Bd7 48. Nc2 Ba4 49. Nd4 Kd5 50. Ne2 Bb5 51. Nd4 Bf1 52. h4 Bd3 53. Nb3 Bb5 54. Nd4 Bd7 55. Nc2 Kc4 56. Kd2 Ba4 57. Ne3+ Kd4 58. Nf1 Bb5 59. Ne3 Ba6 60. Nc2+ Kc5 61. Ne3 Bd3 62. Nd1 Kd4 63. Ne3 Bb1 64. Nd1 e3+ 65. Nxe3 Ke4 66. Ke2 Kxf4 67. Nd5+ Kg4 68. Nf6+ Kxh4 69. Nxh7 Kg3 70. Kf1 f4 71. Nf8 f3 72. Ke1 f2+ 0-1

[Event "Balatonlelle op-B"]
[Site "Balatonlelle "]
[Date "2005.06.22"]
[Round "5"]
[White "Berenyi, Gabor"]
[Black "Bene, Zoltan"]
[Result "0-1"]
[WhiteElo "2168"]
[BlackElo "2084"]
[PlyCount "58"]
[EventDate "2005.06.18"]
[EventType "swiss"]
[EventRounds "9"]
[EventCountry "HUN"]
[SourceTitle "EXT 2008"]
[Source "ChessBase"]
[SourceDate "2007.11.25"]
[SourceVersion "1"]
[SourceVersionDate "2007.11.25"]
[SourceQuality "1"]

1. e4 e6 2. d4 d5 3. Nd2 Nf6 4. e5 Nfd7 5. Bd3 c5 6. c3 Nc6 7. Ne2 cxd4 8. cxd4 f6 9. exf6 Nxf6 10. Nf3 Bd6 11. 0-0 0-0 12. Nc3 e5 13. dxe5 Nxe5 14. Be2 d4 15. Nb5 d3 16. Nxe5 dxe2 17. Qxe2 Bxe5 18. Qxe5 Ng4 19. Qg3 Bd7 20. Nc3 Qb6 21. h3 Nf6 22. b3 Rac8 23. Bb2 Nh5 24. Qh4 Nf4 25. Nd1 Qg6 26. Ne3 Bxh3 27. Kh2 Bxg2 28. Rg1 Rc5 29. Rxg2 Nxg2 0-1

[Event "Balatonbereny op-B"]
[Site "Balatonbereny"]
[Date "1996.??.??"]
[Round "3"]
[White "Berenyi, Gabor"]
[Black "Beszterczey, Laszlo"]
[Result "1/2-1/2"]
[WhiteElo "2235"]
[BlackElo "2140"]
[PlyCount "30"]
[EventDate "1996.06.??"]
[EventType "swiss"]
[EventRounds "9"]
[EventCountry "HUN"]
[SourceTitle "CBM 053 Extra"]
[Source "ChessBase"]
[SourceDate "1996.09.01"]
[SourceVersion "1"]
[SourceVersionDate "1996.09.01"]
[SourceQuality "1"]

1. e4 g6 2. d4 Bg7 3. Nf3 d6 4. c3 Nf6 5. Nbd2 0-0 6. Be2 Nc6 7. 0-0 Re8 8. Re1 e5 9. dxe5 Nxe5 10. Nxe5 Rxe5 11. f3 Bd7 12. Nc4 Re7 13. Bg5 h6 14. Bxf6 Bxf6 15. Ne3 Bg7 1/2-1/2

[Event "HUN-chT"]
[Site "Hungary"]
[Date "1993.??.??"]
[Round "?"]
[White "Berenyi, Gabor"]
[Black "Horvath, Jozsef M"]
[Result "1/2-1/2"]
[WhiteElo "2240"]
[BlackElo "2215"]
[PlyCount "69"]
[EventDate "1993.??.??"]
[EventType "team"]
[EventRounds "13"]
[EventCountry "HUN"]
[SourceTitle "TD"]
[Source "ChessBase"]
[SourceDate "1994.03.01"]
[SourceVersion "1"]
[SourceVersionDate "1994.03.01"]
[SourceQuality "1"]

1. e4 e6 2. d4 d5 3. Nc3 Nf6 4. exd5 exd5 5. Bd3 Bg4 6. f3 Bh5 7. Be3 Bb4 8. Nge2 Nbd7 9. a3 Ba5 10. 0-0 0-0 11. Nf4 c6 12. Nxh5 Nxh5 13. f4 Nhf6 14. Rf3 Re8 15. b4 Bb6 16. Rh3 Nf8 17. Qf3 Qd7 18. f5 Ne4 19. Bxe4 dxe4 20. Nxe4 Bxd4 21. Re1 f6 22. Qg4 Bxe3+ 23. Rhxe3 Kh8 24. Qh4 Qd4 25. c3 Qc4 26. Qg4 Re5 27. Rg3 Qf7 28. Rd1 Qe7 29. Rd4 a5 30. h4 axb4 31. cxb4 b6 32. Nd6 c5 33. Rdd3 cxb4 34. Qc4 Ra7 35. Qxb4 1/2-1/2

[Event "HUN-chT"]
[Site "Hungary"]
[Date "1993.??.??"]
[Round "?"]
[White "Berenyi, Gabor"]
[Black "Orso, Miklos"]
[Result "1/2-1/2"]
[WhiteElo "2240"]
[BlackElo "2380"]
[PlyCount "112"]
[EventDate "1993.??.??"]
[EventType "team"]
[EventRounds "13"]
[EventCountry "HUN"]
[SourceTitle "TD"]
[Source "ChessBase"]
[SourceDate "1994.03.01"]
[SourceVersion "1"]
[SourceVersionDate "1994.03.01"]
[SourceQuality "1"]

1. e4 c5 2. c3 d6 3. d4 Nf6 4. dxc5 Nc6 5. Bc4 e6 6. Bg5 dxc5 7. Nd2 Ne5 8. Ngf3 Nxc4 9. Nxc4 Qc7 10. Bxf6 gxf6 11. 0-0 b5 12. Ne3 Bb7 13. Qe2 Bxe4 14. Ng4 Bc6 15. Nxf6+ Ke7 16. Qe3 h6 17. Ne4 Bd5 18. Rad1 Rd8 19. Rfe1 Bg7 20. Ng3 Kf8 21. Nh5 Rg8 22. Nf4 Qc6 23. Nxd5 Rxd5 24. Rxd5 Qxd5 25. Qf4 Ke7 26. Qc7+ Qd7 27. Qxc5+ Ke8 28. g3 Bf8 29. Qe3 a6 30. Re2 Qc7 31. Qe4 Qc8 32. Rd2 Bc5 33. Ne5 Rg7 34. Nd7 Be7 35. Nb6 Qc7 36. Nd7 Qc8 37. Qe5 Rg8 38. Nf6+ Bxf6 39. Qxf6 h5 40. Rd4 Qc7 41. Qf3 Rg5 42. Qa8+ Ke7 43. Qxa6 Re5 44. Qa3+ Kf6 45. Qa8 Kg7 46. Qf3 Re1+ 47. Kg2 Kg6 48. Rh4 Qe5 49. g4 Qg5 50. Rxh5 Qc1 51. Rh8 Kg7 52. Rh5 Kg6 53. g5 Rg1+ 54. Kh3 Qf1+ 55. Kh4 Qc4+ 56. Kh3 Qf1+ 1/2-1/2

[Event "Balatonbereny op"]
[Site "Balatonbereny"]
[Date "1993.??.??"]
[Round "6"]
[White "Berenyi, Gabor"]
[Black "Zoister, Stefan"]
[Result "1-0"]
[WhiteElo "2230"]
[BlackElo "2070"]
[PlyCount "47"]
[EventDate "1993.09.??"]
[EventType "swiss"]
[EventRounds "9"]
[EventCountry "HUN"]
[SourceTitle "EXT 1997"]
[Source "ChessBase"]
[SourceDate "1996.11.15"]
[SourceVersion "1"]
[SourceVersionDate "1996.11.15"]
[SourceQuality "1"]

1. e4 c6 2. d4 d5 3. exd5 cxd5 4. c4 Nf6 5. Nc3 g6 6. Qb3 Bg7 7. cxd5 0-0 8. Be2 Na6 9. Bf3 Nc7 10. Nge2 Bg4 11. Bxg4 Nxg4 12. Bf4 b6 13. 0-0 Nf6 14. d6 exd6 15. d5 Qd7 16. Rad1 Rac8 17. Qa3 Nce8 18. Nd4 Rc4 19. Qa6 Rb4 20. a3 Rxd4 21. Rxd4 Nh5 22. Rc4 Qf5 23. Be3 Qc2 24. Rc1 1-0

[Event "Budapest Spring op 09th"]
[Site "Budapest"]
[Date "1993.??.??"]
[Round "4"]
[White "Petrosian, Karen"]
[Black "Berenyi, Gabor"]
[Result "0-1"]
[WhiteElo "2440"]
[BlackElo "2240"]
[PlyCount "110"]
[EventDate "1993.03.??"]
[EventType "swiss"]
[EventRounds "9"]
[EventCountry "HUN"]
[SourceTitle "EXT 1998"]
[Source "ChessBase"]
[SourceDate "1997.11.17"]
[SourceVersion "1"]
[SourceVersionDate "1997.11.17"]
[SourceQuality "1"]

1. d4 d5 2. c4 Nc6 3. Bf4 e6 4. cxd5 exd5 5. Nc3 Nf6 6. e3 a6 7. Bd3 Bd6 8. Bg5 Be7 9. a3 0-0 10. Bxf6 Bxf6 11. Qh5 g6 12. Qxd5 Be6 13. Qxd8 Raxd8 14. Nge2 Ne7 15. Ne4 Bg7 16. Nc5 Bc8 17. 0-0 c6 18. b4 Nd5 19. Rab1 Rfe8 20. a4 Bf8 21. e4 Nxb4 22. Rxb4 Bxc5 23. Rc4 Ba7 24. Rd1 Re7 25. a5 Be6 26. Rcc1 Red7 27. Bc2 Bc4 28. Bd3 Bxd3 29. Rxd3 Bxd4 30. Nxd4 Rxd4 31. Rxd4 Rxd4 32. f3 Kf8 33. Rb1 Rd7 34. Kf2 Ke7 35. Ke3 c5 36. Rc1 Kd6 37. h4 Kc6 38. Rb1 c4 39. e5 Kc5 40. g4 c3 41. f4 Kc4 42. Rc1 Kb3 43. Rb1+ Ka3 44. f5 gxf5 45. gxf5 c2 46. Rc1 Kb2 47. Rxc2+ Kxc2 48. Ke4 Kc3 49. e6 fxe6 50. fxe6 Rd1 51. Kf5 Kb4 52. h5 Kxa5 53. Kf6 b5 54. e7 Re1 55. h6 b4 0-1

[Event "HUN-chT"]
[Site "Hungary"]
[Date "1993.??.??"]
[Round "?"]
[White "Pogats, Jozsef"]
[Black "Berenyi, Gabor"]
[Result "1/2-1/2"]
[WhiteElo "2260"]
[BlackElo "2240"]
[PlyCount "38"]
[EventDate "1993.??.??"]
[EventType "team"]
[EventRounds "13"]
[EventCountry "HUN"]
[SourceTitle "TD"]
[Source "ChessBase"]
[SourceDate "1994.03.01"]
[SourceVersion "1"]
[SourceVersionDate "1994.03.01"]
[SourceQuality "1"]

1. Nf3 d5 2. b3 Nf6 3. Bb2 e6 4. g3 c5 5. Bg2 Nc6 6. 0-0 Be7 7. e3 0-0 8. d3 Qc7 9. c4 dxc4 10. bxc4 b6 11. Nc3 Bb7 12. Qe2 Rad8 13. Rfd1 Rd7 14. Nb5 Qb8 15. Na3 Rfd8 16. Nc2 Ne8 17. e4 g6 18. e5 Ng7 19. g4 Ne8 1/2-1/2

[Event "HUN-chT"]
[Site "Hungary"]
[Date "1993.??.??"]
[Round "?"]
[White "Varga, Peter"]
[Black "Berenyi, Gabor"]
[Result "1/2-1/2"]
[WhiteElo "2315"]
[BlackElo "2240"]
[PlyCount "79"]
[EventDate "1993.??.??"]
[EventType "team"]
[EventRounds "13"]
[EventCountry "HUN"]
[SourceTitle "TD"]
[Source "ChessBase"]
[SourceDate "1994.03.01"]
[SourceVersion "1"]
[SourceVersionDate "1994.03.01"]
[SourceQuality "1"]

1. d4 d5 2. Nf3 Nc6 3. Bf4 Nf6 4. e3 e6 5. Nbd2 Bd6 6. Bg3 0-0 7. c3 Ne7 8. Bd3 Ng6 9. Ne5 c5 10. 0-0 Qc7 11. f4 Ne8 12. Qh5 f5 13. Nxg6 Qf7 14. Qe2 Qxg6 15. Bh4 Nf6 16. Bxf6 Qxf6 17. Nf3 c4 18. Bc2 Bd7 19. b3 Rfc8 20. Qd2 b5 21. a4 b4 22. cxb4 c3 23. Qe2 Bxb4 24. Ne5 Be8 25. g4 Rc7 26. Kh1 Bd6 27. gxf5 exf5 28. Qf3 Rd8 29. Qh3 g6 30. Rg1 Rg7 31. Rg2 Bxe5 32. fxe5 Qf7 33. Qh4 Rb8 34. Qg5 Bd7 35. Rag1 Kh8 36. Qg3 Be6 37. Qe1 Qc7 38. Qh4 Qe7 39. Qe1 Qc7 40. Qh4 1/2-1/2

[Event "Budapest Spring op 07th"]
[Site "Budapest"]
[Date "1991.??.??"]
[Round "1"]
[White "Berenyi, Gabor"]
[Black "Timoshenko, Georgy"]
[Result "0-1"]
[WhiteElo "2230"]
[BlackElo "2475"]
[PlyCount "54"]
[EventDate "1991.03.??"]
[EventType "swiss"]
[EventRounds "9"]
[EventCountry "HUN"]
[SourceTitle "TD"]
[Source "ChessBase"]
[SourceDate "1994.03.01"]
[SourceVersion "1"]
[SourceVersionDate "1994.03.01"]
[SourceQuality "1"]

1. e4 e5 2. Bc4 Nc6 3. Nf3 Bc5 4. c3 Nf6 5. d3 d6 6. h3 a6 7. a4 Ba7 8. Bg5 h6 9. Bh4 Qe7 10. Nbd2 g5 11. Bg3 Nh5 12. Nf1 Nf4 13. Rg1 Be6 14. Bxe6 fxe6 15. Ne3 0-0-0 16. b4 d5 17. exd5 exd5 18. b5 e4 19. bxc6 exf3 20. Qxf3 Rhf8 21. Kd2 d4 22. Nc4 dxc3+ 23. Kc2 Nxd3 24. Qg4+ Kb8 25. Rab1 Nb4+ 26. Kb3 Nxc6 27. Kxc3 Rd4 0-1

[Event "Mesterjelolt-ch"]
[Site "Mesterjelolt"]
[Date "1990.??.??"]
[Round "?"]
[White "Almasi, Zoltan"]
[Black "Berenyi, Gabor"]
[Result "0-1"]
[WhiteElo "2245"]
[BlackElo "2225"]
[PlyCount "101"]
[EventDate "1990.??.??"]
[EventType "swiss"]
[EventRounds "9"]
[EventCountry "HUN"]
[SourceTitle "EXT 2004"]
[Source "ChessBase"]
[SourceDate "2003.11.25"]
[SourceVersion "1"]
[SourceVersionDate "2003.11.25"]
[SourceQuality "1"]

1. e4 c5 2. Nf3 a6 3. d4 cxd4 4. Nxd4 Nf6 5. Nc3 e5 6. Nf3 Bb4 7. Bd2 d6 8. Bd3 Nbd7 9. Qe2 Nc5 10. Rd1 0-0 11. 0-0 Bg4 12. h3 Bh5 13. g4 Bxc3 14. bxc3 Bg6 15. Bg5 Qa5 16. Nd2 Qxc3 17. Bxf6 gxf6 18. Nc4 d5 19. Nd2 dxe4 20. Nxe4 Nxe4 21. Bxe4 Bxe4 22. Qxe4 Rad8 23. Qxb7 Qxh3 24. Qe4 h5 25. Qg2 Qxg4 26. Rb1 Rd6 27. Rb3 Qxg2+ 28. Kxg2 Rc8 29. Rc1 Rc4 30. Ra3 Kf8 31. c3 Ke7 32. Rb1 Ke6 33. Rb7 Rdc6 34. Ra7 Rxc3 35. Rxc3 Rxc3 36. Rxa6+ Kf5 37. Ra7 e4 38. a4 Ra3 39. a5 Kg5 40. a6 f5 41. Ra8 Kf4 42. a7 h4 43. Rh8 Rxa7 44. Rxh4+ Kg5 45. Rh8 Ra2 46. Re8 Kf4 47. Re7 Re2 48. Ra7 Kg4 49. Kf1 Rb2 50. Rxf7 f4 51. Rh7 0-1

[Event "Budapest Spring op 06th"]
[Site "Budapest"]
[Date "1990.??.??"]
[Round "3"]
[White "Anka, Emil"]
[Black "Berenyi, Gabor"]
[Result "1-0"]
[WhiteElo "2390"]
[BlackElo "2225"]
[PlyCount "73"]
[EventDate "1990.03.??"]
[EventType "swiss"]
[EventRounds "9"]
[EventCountry "HUN"]
[SourceTitle "CBM 017 Extra"]
[Source "ChessBase"]
[SourceDate "1990.09.01"]
[SourceVersion "1"]
[SourceVersionDate "1990.09.01"]
[SourceQuality "1"]

1. e4 c5 2. Nf3 a6 3. c4 Nc6 4. d4 cxd4 5. Nxd4 Nf6 6. Nc3 e5 7. Nf5 d5 8. cxd5 Bxf5 9. exf5 Nd4 10. Bd3 Nxd5 11. 0-0 Bb4 12. Be4 Nxc3 13. bxc3 Bxc3 14. Rb1 Rb8 15. Rxb7 Rxb7 16. Bxb7 Qa5 17. Qg4 Qb5 18. Qxg7 Ne2+ 19. Kh1 e4 20. f6 Ng3+ 21. hxg3 Qxf1+ 22. Kh2 Qxc1 23. Qxh8+ Kd7 24. Qxh7 Bxf6 25. Qxf7+ Be7 26. Qf5+ Kd8 27. Bxe4 Qh6+ 28. Qh3 Qd2 29. Qh8+ Kc7 30. Qe5+ Bd6 31. Qg7+ Kd8 32. Bf5 Bc5 33. Qg8+ Kc7 34. Qc8+ Kb6 35. Qb8+ Ka5 36. Qc7+ Kb5 37. Qd7+ 1-0

[Event "Budapest Spring op 06th"]
[Site "Budapest"]
[Date "1990.??.??"]
[Round "7"]
[White "Barsov, Alexei"]
[Black "Berenyi, Gabor"]
[Result "1-0"]
[WhiteElo "2385"]
[BlackElo "2225"]
[PlyCount "77"]
[EventDate "1990.03.??"]
[EventType "swiss"]
[EventRounds "9"]
[EventCountry "HUN"]
[SourceTitle "CBM 017 Extra"]
[Source "ChessBase"]
[SourceDate "1990.09.01"]
[SourceVersion "1"]
[SourceVersionDate "1990.09.01"]
[SourceQuality "1"]

1. d4 Nf6 2. c4 e6 3. Nc3 Bb4 4. e3 0-0 5. Bd3 d5 6. Nf3 Nc6 7. 0-0 a6 8. cxd5 exd5 9. h3 Re8 10. Qc2 h6 11. Bd2 Be6 12. a3 Bf8 13. b4 Ne7 14. Na4 c6 15. Nc5 Bc8 16. Ne5 g6 17. a4 Nf5 18. b5 cxb5 19. axb5 Bxc5 20. Qxc5 Nd6 21. Ba5 Qe7 22. Bb4 Nf5 23. Qxe7 Nxe7 24. bxa6 bxa6 25. Bb5 Nf5 26. Bxe8 Nxe8 27. Rfc1 Nfd6 28. Bxd6 Nxd6 29. Ra5 Nb5 30. Nc6 Kf8 31. Nb4 Bb7 32. Rc5 Ke7 33. Raxb5 axb5 34. Rc7+ Ke6 35. Rxb7 Ra5 36. Rb6+ Kf5 37. Nxd5 Ra1+ 38. Kh2 Rb1 39. Nc3 1-0

[Event "Budapest Spring op 06th"]
[Site "Budapest"]
[Date "1990.??.??"]
[Round "8"]
[White "Berenyi, Gabor"]
[Black "Kaposztas, Miklos"]
[Result "1-0"]
[WhiteElo "2225"]
[BlackElo "2330"]
[PlyCount "67"]
[EventDate "1990.03.??"]
[EventType "swiss"]
[EventRounds "9"]
[EventCountry "HUN"]
[SourceTitle "CBM 017 Extra"]
[Source "ChessBase"]
[SourceDate "1990.09.01"]
[SourceVersion "1"]
[SourceVersionDate "1990.09.01"]
[SourceQuality "1"]

1. e4 c5 2. c3 g6 3. d4 cxd4 4. cxd4 d5 5. exd5 Nf6 6. Bb5+ Nbd7 7. Nc3 Bg7 8. Nge2 0-0 9. 0-0 Nb6 10. d6 exd6 11. Bg5 h6 12. Bh4 g5 13. Bg3 Nh5 14. Rc1 a6 15. Bd3 f5 16. f4 Nxg3 17. Nxg3 Bxd4+ 18. Kh1 Be3 19. Qb3+ Kh8 20. Rce1 Bxf4 21. Rxf4 gxf4 22. Nh5 Qh4 23. Qd1 f3 24. Be4 fxg2+ 25. Bxg2 Nc4 26. Nd5 Ne5 27. Ndf4 Rg8 28. h3 Bd7 29. Re2 Rxg2 30. Qxd6 Bc6 31. Qxh6+ Kg8 32. Rxg2+ Bxg2+ 33. Kxg2 Qe7 34. Nd5 1-0